Normal view
MARC view
Entry Personal Name
001 - CONTROL NUMBER
- control field: 240004
003 - CONTROL NUMBER IDENTIFIER
- control field: OSt
005 - DATE AND TIME OF LATEST TRANSACTION
- control field: 20250922163811.0
008 - FIXED-LENGTH DATA ELEMENTS
- fixed length control field: 250922|| aca||aabn | a|a d
040 ## - CATALOGING SOURCE
- Original cataloging agency: OSt
- Transcribing agency: OSt
100 ## - HEADING--PERSONAL NAME
- Personal name: ASHOK KUMAR (P)
- Dates associated with a name: ಅಶೋಕ್ ಕುಮಾರ್ (ಪಿ)
670 ## - SOURCE DATA FOUND
- Source citation: Work cat.: (OSt)214758: ASHOK KUMAR (P) ಅಶೋಕ್ ಕುಮಾರ್ (ಪಿ), Sulik tikkina badk, 1993